| 000 -LEADER |
| fixed length control field |
01486cam a22003494a 4500 |
| 001 - CONTROL NUMBER |
| control field |
15412052 |
| 003 - CONTROL NUMBER IDENTIFIER |
| control field |
NUST |
| 005 - DATE AND TIME OF LATEST TRANSACTION |
| control field |
20171218104858.0 |
| 008 - FIXED-LENGTH DATA ELEMENTS--GENERAL INFORMATION |
| fixed length control field |
080814s2008 nyua 001 0 eng c |
| 010 ## - LIBRARY OF CONGRESS CONTROL NUMBER |
| LC control number |
2008298739 |
| 020 ## - INTERNATIONAL STANDARD BOOK NUMBER |
| International Standard Book Number |
0071485635 |
| 020 ## - INTERNATIONAL STANDARD BOOK NUMBER |
| International Standard Book Number |
9780071485630 |
| 035 ## - SYSTEM CONTROL NUMBER |
| System control number |
(OCoLC)ocn153581813 |
| 040 ## - CATALOGING SOURCE |
| Original cataloging agency |
YDXCP |
| Transcribing agency |
YDXCP |
| Modifying agency |
BTCTA |
| -- |
BAKER |
| -- |
WIQ |
| -- |
TXA |
| -- |
UMC |
| -- |
IXA |
| -- |
VRC |
| -- |
DLC |
| 042 ## - AUTHENTICATION CODE |
| Authentication code |
pcc |
| 050 00 - LIBRARY OF CONGRESS CALL NUMBER |
| Classification number |
TH7413 |
| Item number |
.G48 2008 |
| 082 00 - DEWEY DECIMAL CLASSIFICATION NUMBER |
| Classification number |
720.472 GEV |
| Edition number |
22 |
| 100 1# - MAIN ENTRY--PERSONAL NAME |
| Personal name |
Gevorkian, Peter. |
| 9 (RLIN) |
7417 |
| 245 10 - TITLE STATEMENT |
| Title |
Solar power in building design : |
| Remainder of title |
the engineer's complete design resource / |
| Statement of responsibility, etc. |
Peter Gevorkian. |
| 260 ## - PUBLICATION, DISTRIBUTION, ETC. |
| Place of publication, distribution, etc. |
New York : |
| Name of publisher, distributor, etc. |
McGraw-Hill, |
| Date of publication, distribution, etc. |
c2008. |
| 300 ## - PHYSICAL DESCRIPTION |
| Extent |
xxvii, 476 p. : |
| Other physical details |
ill. ; |
| Dimensions |
24 cm. |
| 490 0# - SERIES STATEMENT |
| Series statement |
A greensource book |
| 500 ## - GENERAL NOTE |
| General note |
Includes index. |
| 501 ## - WITH NOTE |
| With note |
H.B |
| 650 #0 - SUBJECT ADDED ENTRY--TOPICAL TERM |
| Topical term or geographic name entry element |
Solar buildings |
| General subdivision |
Design and construction. |
| 9 (RLIN) |
7418 |
| 650 #0 - SUBJECT ADDED ENTRY--TOPICAL TERM |
| Topical term or geographic name entry element |
Architecture and solar radiation. |
| 9 (RLIN) |
7419 |
| 650 #0 - SUBJECT ADDED ENTRY--TOPICAL TERM |
| Topical term or geographic name entry element |
Architecture and energy conservation. |
| 9 (RLIN) |
7420 |
| 856 42 - ELECTRONIC LOCATION AND ACCESS |
| Materials specified |
Contributor biographical information |
| Uniform Resource Identifier |
<a href="http://www.loc.gov/catdir/enhancements/fy0902/2008298739-b.html">http://www.loc.gov/catdir/enhancements/fy0902/2008298739-b.html</a> |
| 856 42 - ELECTRONIC LOCATION AND ACCESS |
| Materials specified |
Publisher description |
| Uniform Resource Identifier |
<a href="http://www.loc.gov/catdir/enhancements/fy0902/2008298739-d.html">http://www.loc.gov/catdir/enhancements/fy0902/2008298739-d.html</a> |
| 856 41 - ELECTRONIC LOCATION AND ACCESS |
| Materials specified |
Table of contents only |
| Uniform Resource Identifier |
<a href="http://www.loc.gov/catdir/enhancements/fy0902/2008298739-t.html">http://www.loc.gov/catdir/enhancements/fy0902/2008298739-t.html</a> |
| 906 ## - LOCAL DATA ELEMENT F, LDF (RLIN) |
| a |
7 |
| b |
cbc |
| c |
pccadap |
| d |
2 |
| e |
ncip |
| f |
20 |
| g |
y-gencatlg |
| 942 ## - ADDED ENTRY ELEMENTS (KOHA) |
| Source of classification or shelving scheme |
|
| Koha item type |
Book |
| Call number prefix |
IESE |